000 00630nam a2200253Ia 4500
003 OSt
005 20221007105512.0
006 a|||||r|||| 00| 0
007 ta
008 221006b |||||||| |||| 00| 0 eng d
024 _a18,748
037 _cTextual
040 _aLCO
_cLCO
_beng
041 _2eng
_aeng
082 _aZ2,2,6, L4
100 _aBasu N.D
_9625774
245 0 _aLaw of Succession.
250 _a5th
260 _aCalcutta
_bEastern Law House India
_c1974
300 _a1168
650 _aSUCCESSION LAW
_9688676
942 _hZ2,2,6, L4
_cTEXL
999 _c1188311
_d1188311